Tilastot visalle Libanon-visa

Klikkaa tästä pelataksesi tätä visaa!

Yleistilastot

  • Tätä visaa on pelattu 174 kertaa
  • Keskiarvotulos 9 / 18

Vastaustilastot

VihjeVastaus% Oikein
NaapurimaaIsrael
97%
Virallinen kieliArabia
95%
NaapurimaaSyyria
95%
PääkaupunkiBeirut
92%
Euroopan valtio, jolla oli mandaatti hallita Libanonia 1923−1946Ranska
78%
Tuon kaupungin entinen lempinimiLähi-idän {Pariisi}
65%
Šiialainen puolue, jota EU pitää terroristijärjestönäHizbollah
53%
Puu Libanonin lipussaLibanoninsetri
48%
ValuuttaPunta
45%
Toiseksi suurin kaupunkiTripoli
40%
Kirjaimella L alkava Välimeren itäpuolinen alue, johon Lebanon kuuluu (ei ole Lähi-itä)Levantti
38%
Muinainen libanonilainen sivilisaatio, joka perusti siirtokuntia ympäri VälimertaFoinikialaiset
35%
Taloudellinen toiminta, jonka ansiosta Libanonin BKT nousi prosentuaalisesti toiseksi eniten 1950-luvulla{Pankki}toiminta
34%
Yllä olevan merkittävä kaupunki, joka oli siirretty alun perin saarelleTyros
28%
Libanonissa syntynyt runoilija, jonka tunnetuin teos on "Profeetta"Kahlil Gibran
27%
Hedelmällinen laakso Libanoninvuorten ja Antilibanonin vuoriston välissäBekaanlaakso
26%
Libanonin suurin kristillinen kirkkokuntaMaroniittikirkko
22%
Paikallinen islamista kehittynyt uskonto, joka on saanut vaikutteita myös muun muassa kristinuskosta, juutalaisuudesta ja kreikkalaisesta filosofiastaDruusilaisuus
21%

Tulosjakauma

Persentiili vastausten määrän mukaan

Jokaisen tuloksen saaneiden osuus

Tuloshistoriasi

Et ole pelannut tätä visaa